| 000 | 00444nam a2200157 4500 | ||
|---|---|---|---|
| 001 | 135984 | ||
| 003 | ES-MaACL | ||
| 005 | 20230906195015.0 | ||
| 007 | t| | ||
| 008 | 070214s1919 fr r ||||1| fre d | ||
| 100 | 1 |
_aRoux-Brahic. _9100117 |
|
| 245 | 1 | 4 |
_aLes gîtes miniers et leur prospection / _cRoux-Brahic. |
| 260 |
_a[s.l.] : _b[s.n.], _c1919 ( _fImp. Desllis Fréres) |
||
| 300 |
_aXXVIII, 842 p. ; _c26 cm. |
||
| 852 |
_aES-MaACL _jF-131 |
||
| 999 |
_c135984 _d135984 |
||